MARC details
| 000 -LEADER |
| fixed length control field |
02387cam a2200433 i 4500 |
| 001 - CONTROL NUMBER |
| control field |
1417393718 |
| 003 - CONTROL NUMBER IDENTIFIER |
| control field |
OCoLC |
| 005 - DATE AND TIME OF LATEST TRANSACTION |
| control field |
20241203161014.0 |
| 008 - FIXED-LENGTH DATA ELEMENTS--GENERAL INFORMATION |
| fixed length control field |
240118s2024 bcc 000 0 eng |
| 010 ## - LIBRARY OF CONGRESS CONTROL NUMBER |
| LC control number |
2024442922 |
| 020 ## - INTERNATIONAL STANDARD BOOK NUMBER |
| International Standard Book Number |
9781778401251 |
| Qualifying information |
(hardcover) |
| 020 ## - INTERNATIONAL STANDARD BOOK NUMBER |
| International Standard Book Number |
1778401252 |
| Qualifying information |
(hardcover) |
| 035 ## - SYSTEM CONTROL NUMBER |
| System control number |
(OCoLC)1417393718 |
| 040 ## - CATALOGING SOURCE |
| Original cataloging agency |
NLC |
| Language of cataloging |
eng |
| Description conventions |
rda |
| Transcribing agency |
YDX |
| Modifying agency |
OCLCO |
| -- |
BDX |
| -- |
NLC |
| -- |
OCLCO |
| -- |
NLC |
| -- |
DLC |
| -- |
IG# |
| 042 ## - AUTHENTICATION CODE |
| Authentication code |
lac |
| 043 ## - GEOGRAPHIC AREA CODE |
| Geographic area code |
n-us-wy |
| -- |
n-us-id |
| -- |
n-us-mt |
| 050 00 - LIBRARY OF CONGRESS CALL NUMBER |
| Classification number |
QL737.C22 |
| Item number |
M3852 2024 |
| 082 04 - DEWEY DECIMAL CLASSIFICATION NUMBER |
| Classification number |
599.77309787/52 |
| Edition number |
23/eng/20240826 |
| 092 0# - LOCALLY ASSIGNED DEWEY CALL NUMBER (OCLC) |
| Classification number |
general nonfiction |
| Item number |
599.77 McIntyre |
| 100 1# - MAIN ENTRY--PERSONAL NAME |
| Personal name |
McIntyre, Rick, |
| Relator term |
author. |
| 9 (RLIN) |
14266 |
| 245 10 - TITLE STATEMENT |
| Title |
Thinking like a wolf : |
| Remainder of title |
lessons from the Yellowstone packs / |
| Statement of responsibility, etc |
Rick McIntyre ; foreword by Frans de Waal. |
| 263 ## - PROJECTED PUBLICATION DATE |
| Projected publication date |
202410. |
| 264 #1 - Production, Publication, Distribution, Manufacture, and Copyright Notice. |
| Place of production, publication, distribution, manufacture |
Vancouver ; |
| -- |
Berkeley ; |
| -- |
London : |
| Name of producer, publisher, distributor, manufacturer |
Greystone Books, |
| Date of production, publication, distribution, manufacture, or copyr |
[2024] |
| 300 ## - PHYSICAL DESCRIPTION |
| Extent |
xxx, 234 pages : |
| Other physical details |
illustrations ; |
| Dimensions |
23 cm. |
| 336 ## - Content Type |
| Content type term |
text |
| 337 ## - Media type |
| Media type term |
unmediated |
| 338 ## - Carrier type |
| Carrier type term |
volume |
| 490 1# - SERIES STATEMENT |
| Series statement |
Alpha wolves of Yellowstone series ; |
| Volume number/sequential designation |
[book 5] |
| 500 ## - GENERAL NOTE |
| General note |
Series numbering taken from publisher's website. |
| 520 ## - SUMMARY, ETC. |
| Summary, etc |
"In his latest book, award-winning author and renowned wolf researcher, Rick McIntyre, explores the intricate world of wolf behavior in Yellowstone National Park and highlights the individual character traits that allow wolf packs to thrive. Unveiling power struggles, pack politics, the roles of family protection, inter-pack conflicts, and more, Rick skillfully follows the intricacy of packs and the unique attributes each wolf has. In these true stories, he celebrates the many lessons we can learn from wolf packs and the dynamic personalities that enable them to expand across new territories amidst adversity."-- |
| 530 ## - ADDITIONAL PHYSICAL FORM AVAILABLE NOTE |
| Additional physical form available note |
Issued also in electronic format. |
| 650 #0 - SUBJECT ADDED ENTRY--TOPICAL TERM |
| Topical term or geographic name as entry element |
Wolves |
| General subdivision |
Behavior |
| Geographic subdivision |
Yellowstone National Park. |
| 9 (RLIN) |
6415568 |
| 650 #0 - SUBJECT ADDED ENTRY--TOPICAL TERM |
| Topical term or geographic name as entry element |
Wolves |
| Geographic subdivision |
Yellowstone National Park. |
| 655 #7 - INDEX TERM--GENRE/FORM |
| Genre/form data or focus term |
Nonfiction. |
| Source of term |
local. |
| 9 (RLIN) |
5714151 |
| 700 1# - ADDED ENTRY--PERSONAL NAME |
| Personal name |
De Waal, Frans, |
| Dates associated with a name |
1948-2024, |
| Relator term |
writer of foreword. |
| 9 (RLIN) |
6497174 |
| 776 08 - ADDITIONAL PHYSICAL FORM ENTRY |
| Display text |
Online version: |
| Main entry heading |
McIntyre, Rick. |
| Title |
Thinking like a wolf. |
| Place, publisher, and date of publication |
Vancouver ; Berkeley ; London : Greystone Books, 2024 |
| International Standard Book Number |
1778401260 |
| -- |
9781778401268 |
| Record control number |
(OCoLC)1453254171. |
| 800 1# - SERIES ADDED ENTRY--PERSONAL NAME |
| Personal name |
McIntyre, Rick. |
| Title of a work |
Alpha wolves of Yellowstone series ; |
| Volume/sequential designation |
bk. 5. |
| 9 (RLIN) |
6435656 |
| 942 ## - ADDED ENTRY ELEMENTS (KOHA) |
| Source of classification or shelving scheme |
Dewey Decimal Classification |
| Koha item type |
BOOK |